HIGH-SPEED DEFORMATION OF SECONDARY HARDENED ARMOUR PLATES

Bibliographic Details
Main Authors: Híreš, Ondrej (Author), Hrubišová, Lucia (Author)
Format: Article
Language:English
ISBN:9788080754532

MARC

LEADER 00000naa a2200000uu 4500
001 vtls011061157
003 SK-MaSNL
005 20260302111914.0
008 210906|2010 xo |||||||||||||||||eng|
015 |a SNBRA 
035 |a (urnnbn)urn:nbn:sk:snk:ar-a0c2re 
035 |a (uuid)788b7dad-d66b-413b-b1a4-3ce69bf35396 
035 |a urn:nbn:sk:snk-aav9a3 
040 |a SNKBUCL  |b slo  |c SNKBUCL  |e AACR2 
041 0 |a eng 
044 |a xo  |c SK 
100 1 |a Híreš, Ondrej  |4 aut  |9 49022 
245 1 0 |a HIGH-SPEED DEFORMATION OF SECONDARY HARDENED ARMOUR PLATES  |c Ondrej HÍREŠ, Lucia HRUBIŠOVÁ 
700 1 |a Hrubišová, Lucia  |4 aut  |9 790110 
773 0 |t ICMT'10 - International Conference on Military Technologies 2010  |d Trenčín : Faculty of Special Technologies, Alexander Dubček University of Trenčín, 2010  |g S. 97-100  |z 9788080754532 
958 |a OND 
958 |a article12 
958 |a chapter 
999 |c 1249381  |d 1251311